[Event "Top Loire 2014-2015"]
[Site "Loire"]
[Date "2014.10.04"]
[Round "1.1"]
[White "Philip, Sylvain"]
[Black "Muller, Anthony"]
[Result "0-1"]
[WhiteElo "1830"]
[BlackElo "2136"]
[PlyCount "80"]
[EventDate "2014.??.??"]

1. e4 e6 2. d4 d5 3. Nd2 Nf6 4. e5 Nfd7 5. Bd3 c5 6. c3 Nc6 7. Ne2 cxd4 8. cxd4
f6 9. exf6 Nxf6 10. O-O Bd6 11. Nf3 Qc7 12. Bg5 O-O 13. Rc1 Ng4 14. h3 Rxf3 15.
hxg4 Rf7 16. Bh4 Qb6 17. Qd2 g6 18. Bb1 Bd7 19. a3 Na5 20. Ba2 Ba4 21. b4 Nb3
22. Bxb3 Bxb3 23. Bg3 Bxg3 24. Nxg3 Raf8 25. f4 Bc4 26. Rf3 e5 27. f5 Qxd4+ 28.
Qxd4 exd4 29. Rd1 d3 30. Rd2 Re7 31. fxg6 hxg6 32. Rxf8+ Kxf8 33. Kf2 Kf7 34.
Kf3 Kf6 35. Kf4 Re1 36. g5+ Ke6 37. Kf3 Ke5 38. Kf2 Ra1 39. Ke3 Rxa3 40. Rb2
d2+ 0-1

[Event "Top Loire 2014-2015"]
[Site "Loire"]
[Date "2014.10.04"]
[Round "1.2"]
[White "Vial-Bonacci, Eric"]
[Black "Doran, Niall"]
[Result "1/2-1/2"]
[WhiteElo "2020"]
[BlackElo "1723"]
[PlyCount "114"]
[EventDate "2014.??.??"]

1. d4 Nf6 2. Nf3 g6 3. g3 Bg7 4. Bg2 O-O 5. O-O d6 6. c4 Nbd7 7. Nc3 e5 8. Qc2
exd4 9. Nxd4 Nc5 10. Rb1 Re8 11. b4 Ncd7 12. Nf3 Ne5 13. Nxe5 Rxe5 14. e4 Rh5
15. h4 Re5 16. Bf4 Re8 17. Rbd1 Ng4 18. c5 Ne5 19. cxd6 cxd6 20. Nb5 Qb6 21.
Nc7 Bg4 22. Nxa8 Bxd1 23. Rxd1 Rxa8 24. Be3 Qxb4 25. Rb1 Qc4 26. Qxc4 Nxc4 27.
Bf4 Rb8 28. Rd1 b6 29. Bf1 b5 30. a4 Nb2 31. Rxd6 Nxa4 32. Ra6 Rb7 33. Be3 Nc3
34. Bxa7 b4 35. Be3 h6 36. Bd3 b3 37. Bd2 b2 38. Kg2 b1=Q 39. Bxb1 Rxb1 40.
Ra8+ Kh7 41. Re8 Rb2 42. Be3 Rb5 43. Re7 Re5 44. Rxf7 Rxe4 45. Kf3 Kg8 46. Rc7
Re8 47. Rxg7+ Kxg7 48. Bd4+ Kf7 49. Bxc3 Ra8 50. Bd2 h5 51. Be3 Ra4 52. Bf4 Ke6
53. g4 Ra3+ 54. Be3 Ra4 55. gxh5 gxh5 56. Bg5 Kf5 57. Kg3 Rg4+ 1/2-1/2

[Event "Top Loire 2014-2015"]
[Site "Loire"]
[Date "2014.10.04"]
[Round "1.3"]
[White "Buisine, Roman"]
[Black "Tchalimian, Pascal"]
[Result "0-1"]
[WhiteElo "1685"]
[BlackElo "1919"]
[PlyCount "72"]
[EventDate "2014.??.??"]

1. e4 c5 2. Nf3 d6 3. Bb5+ Bd7 4. Bxd7+ Qxd7 5. O-O Nf6 6. e5 dxe5 7. Nxe5 Qc7
8. d4 Nc6 9. Bf4 Nxe5 10. Bxe5 Qc6 11. dxc5 Nd7 12. Qd4 Nxc5 13. Rd1 Ne6 14.
Qd5 Qxd5 15. Rxd5 Rc8 16. Nc3 h5 17. Rad1 f6 18. Bd4 Nc7 19. Ra5 a6 20. Bb6 e6
21. Ra4 Na8 22. Be3 Be7 23. Rad4 Nb6 24. Re4 Nc4 25. Rxe6 Nxb2 26. Re1 Kf7 27.
Bd4 Bb4 28. Rb6 Bxc3 29. Rxb7+ Kg6 30. Bxc3 Na4 31. Bd4 Rxc2 32. Ra7 Rd8 33.
Be3 Rd6 34. Ra1 Nc3 35. g3 Rxa2 36. Rc1 Ne2+ 0-1

[Event "Top Loire 2014-2015"]
[Site "Loire"]
[Date "2014.10.04"]
[Round "1.4"]
[White "Deville, Olivier"]
[Black "Bacyk, Bruno"]
[Result "1-0"]
[WhiteElo "1912"]
[BlackElo "1684"]
[PlyCount "27"]
[EventDate "2014.??.??"]

1. c4 b6 2. Nf3 Bb7 3. d4 e6 4. a3 Nf6 5. Nc3 Ne4 6. Bd2 Be7 7. d5 Nxd2 8. Qxd2
f5 9. e4 fxe4 10. Nxe4 exd5 11. cxd5 Ba6 12. d6 Bxf1 13. dxe7 Qxe7 14. Kxf1 1-0

[Event "Top Loire 2014-2015"]
[Site "Loire"]
[Date "2014.10.04"]
[Round "1.5"]
[White "Cursoux, Gerard"]
[Black "Garon, Pierre"]
[Result "1-0"]
[WhiteElo "1667"]
[BlackElo "1903"]
[PlyCount "43"]
[EventDate "2014.??.??"]

1. e4 Nf6 2. e5 Nd5 3. d4 d6 4. Nf3 Bg4 5. Be2 e6 6. O-O c6 7. h3 Bxf3 8. Bxf3
dxe5 9. dxe5 Qc7 10. Bxd5 cxd5 11. f4 Nc6 12. c3 Bc5+ 13. Kh1 O-O 14. Nd2 Rfd8
15. Nb3 Be7 16. Be3 Na5 17. Nxa5 Qxa5 18. f5 Bc5 19. b4 Bxb4 20. cxb4 Qxb4 21.
Qd4 Qf8 22. fxe6 1-0

[Event "Top Loire 2014-2015"]
[Site "Loire"]
[Date "2014.10.04"]
[Round "1.6"]
[White "Samuel, Christian"]
[Black "Carteron, Olivier"]
[Result "1-0"]
[WhiteElo "1863"]
[BlackElo "1660"]
[PlyCount "81"]
[EventDate "2014.??.??"]

1. d4 d5 2. Nf3 Nf6 3. c4 c6 4. Nc3 e6 5. e3 Bd6 6. Bd3 O-O 7. O-O Nbd7 8. e4
dxe4 9. Nxe4 Nxe4 10. Bxe4 Nf6 11. Bc2 c5 12. Bg5 cxd4 13. Qd3 g6 14. Rfe1 Bc5
15. Ba4 Bb4 16. Ne5 Bxe1 17. Ng4 Bxf2+ 18. Kf1 Be3 19. Bxf6 Qa5 20. Qxe3 Qf5+
21. Qf3 Qxf3+ 22. gxf3 h5 23. Nf2 b6 24. Bc6 Rb8 25. Be5 Bb7 26. Bxb8 Bxc6 27.
Bxa7 b5 28. Bxd4 bxc4 29. f4 Rd8 30. Bc3 f5 31. a4 Rd7 32. a5 Bb5 33. Re1 Rd6
34. Rd1 Rc6 35. Rd8+ Kf7 36. Ke1 Ke7 37. Rg8 Kf7 38. Rb8 Ba6 39. Kd2 Rd6+ 40.
Ke3 Rc6 41. Rb6 1-0

[Event "Top Loire 2014-2015"]
[Site "Loire"]
[Date "2014.10.04"]
[Round "1.7"]
[White "Aumont-Mathieu, Georges"]
[Black "Andre, Gregory"]
[Result "1-0"]
[WhiteElo "1654"]
[BlackElo "1846"]
[PlyCount "103"]
[EventDate "2014.??.??"]

1. e4 e6 2. d4 d5 3. Nd2 Nf6 4. e5 Nfd7 5. Bd3 c5 6. c3 Nc6 7. Ne2 Qb6 8. Nf3
f6 9. exf6 Nxf6 10. O-O Bd6 11. h3 cxd4 12. cxd4 O-O 13. a3 e5 14. dxe5 Nxe5
15. Nxe5 Bxe5 16. Rb1 Bd7 17. Be3 d4 18. Nxd4 Bxd4 19. Bxd4 Qc6 20. Rc1 Qa4 21.
b3 Qa5 22. Bc4+ Kh8 23. Bxf6 Bxh3 24. Bxg7+ Kxg7 25. Qd4+ Rf6 26. gxh3 Rd8 27.
Qe4 Rdd6 28. Kh1 Qh5 29. Qg4+ Kh6 30. Qxh5+ Kxh5 31. Be2+ Kh4 32. Kg2 Kg5 33.
Rc5+ Kh6 34. Rd1 Rde6 35. Bg4 Rg6 36. Rh5+ Kg7 37. Rd7+ Kg8 38. Rhxh7 Re8 39.
Rxb7 Rf8 40. f3 Rd8 41. h4 a5 42. h5 Rg5 43. Kg3 a4 44. bxa4 Rc8 45. Rhe7 Ra8
46. Kh4 Rc5 47. Be6+ Kf8 48. h6 Rxa4+ 49. Kg3 Rg5+ 50. Kf2 Rxa3 51. Rf7+ Ke8
52. Rb8# 1-0

[Event "Top Loire 2014-2015"]
[Site "Loire"]
[Date "2014.11.08"]
[Round "2.1"]
[White "Muller, Anthony"]
[Black "Samuel, Christian"]
[Result "1-0"]
[WhiteElo "2136"]
[BlackElo "1861"]
[PlyCount "47"]
[EventDate "2014.??.??"]

1. d4 Nf6 2. c4 g6 3. Nc3 d5 4. Nf3 Bg7 5. Bg5 Ne4 6. Bf4 Nxc3 7. bxc3 c5 8. e3
cxd4 9. cxd4 O-O 10. Be2 dxc4 11. Bxc4 Qa5+ 12. Qd2 Qxd2+ 13. Kxd2 Nc6 14. Rab1
a6 15. Bd5 Rd8 16. Bxc6 bxc6 17. Rhc1 Be6 18. a4 Bd5 19. Ke2 Bf8 20. Ne5 Rdb8
21. f3 f6 22. Rxb8 Rxb8 23. Nd3 f5 24. Bxb8 1-0

[Event "Top Loire 2014-2015"]
[Site "Loire"]
[Date "2014.11.08"]
[Round "2.2"]
[White "Tchalimian, Pascal"]
[Black "Cursoux, Gerard"]
[Result "0-1"]
[WhiteElo "1927"]
[BlackElo "1667"]
[PlyCount "41"]
[EventDate "2014.??.??"]

1. e4 c5 2. Nf3 d6 3. d4 cxd4 4. Nxd4 Nf6 5. Nc3 a6 6. Bg5 e6 7. f4 Qb6 8. Nb3
Nbd7 9. Qd2 Be7 10. O-O-O O-O 11. Be2 Qc7 12. Bf3 Rb8 13. g4 b5 14. Bxf6 Nxf6
15. g5 Nd7 16. a3 a5 17. Nd4 Qc5 18. Be2 b4 19. Na4 Qc7 20. Nb5 Qc6 21. c4 0-1

[Event "Top Loire 2014-2015"]
[Site "Loire"]
[Date "2014.11.08"]
[Round "2.3"]
[White "Pareux, Marc"]
[Black "Deville, Olivier"]
[Result "1/2-1/2"]
[WhiteElo "1610"]
[BlackElo "1912"]
[PlyCount "107"]
[EventDate "2014.??.??"]

1. d4 Nf6 2. g3 e6 3. Bg2 c5 4. Nf3 cxd4 5. Nxd4 d5 6. O-O e5 7. Nf3 Nc6 8. c4
d4 9. a3 Be7 10. b4 Qc7 11. Ng5 O-O 12. Qc2 h6 13. Ne4 Kh8 14. Nxf6 Bxf6 15.
Bb2 Be6 16. Nd2 Rac8 17. Rac1 Qd7 18. Rfd1 Rfd8 19. Ne4 Be7 20. c5 f5 21. Nc3
Qe8 22. Nb1 b6 23. b5 Na5 24. c6 Nb3 25. Nd2 Nxc1 26. Bxc1 e4 27. Nc4 Bf6 28.
Bf4 Bxc4 29. Qxc4 Be5 30. Bc1 Qg8 31. Qa4 Rc7 32. Bh3 Qf7 33. Bb2 Qf6 34. Qc4
Qf7 35. Qc1 Rd5 36. a4 Rc5 37. Qa1 Qh5 38. Bf1 a6 39. Bxd4 Bxd4 40. Qxd4 Qe8
41. e3 axb5 42. axb5 Kh7 43. Qd6 Qe7 44. Qxe7 Rxe7 45. Rd8 f4 46. exf4 e3 47.
Bd3+ g6 48. fxe3 Rxe3 49. Rd7+ Kg8 50. c7 Rxd3 51. Rd8+ Kf7 52. Rxd3 Rxc7 53.
Rd6 Rc1+ 54. Kg2 1/2-1/2

[Event "Top Loire 2014-2015"]
[Site "Loire"]
[Date "2014.11.08"]
[Round "2.4"]
[White "Doran, Niall"]
[Black "Aumont-Mathieu, Georges"]
[Result "1/2-1/2"]
[WhiteElo "1702"]
[BlackElo "1654"]
[PlyCount "89"]
[EventDate "2014.??.??"]

1. e4 e5 2. Nf3 Nc6 3. Bb5 Nf6 4. O-O Nxe4 5. Re1 Nd6 6. Nxe5 Be7 7. Nxc6 dxc6
8. Ba4 Be6 9. d4 Qd7 10. c3 O-O 11. Nd2 Bg4 12. f3 Bf5 13. Ne4 Rae8 14. Bc2 Bd8
15. Bf4 Bg6 16. Nc5 Qc8 17. Bxg6 hxg6 18. Ne4 Qd7 19. Qb3 b6 20. Qa4 a5 21.
Bxd6 cxd6 22. d5 b5 23. dxc6 Qxc6 24. Qd1 d5 25. Ng3 Bb6+ 26. Kh1 f5 27. Ne2
Kf7 28. Nd4 Rxe1+ 29. Qxe1 Bxd4 30. cxd4 Qc4 31. b3 Qxd4 32. Rd1 Qb6 33. Rxd5
Re8 34. Rd7+ Kf8 35. Qc3 Qf6 36. Qc5+ Kg8 37. h3 Qa1+ 38. Kh2 Qe5+ 39. Qxe5
Rxe5 40. Rd2 Kf7 41. Kg3 g5 42. h4 f4+ 43. Kg4 gxh4 44. Kxf4 Rc5 45. Kg4
1/2-1/2

[Event "Top Loire 2014-2015"]
[Site "Loire"]
[Date "2014.11.08"]
[Round "2.5"]
[White "Garon, Pierre"]
[Black "Vial-Bonacci, Eric"]
[Result "1-0"]
[WhiteElo "1903"]
[BlackElo "2020"]
[PlyCount "77"]
[EventDate "2014.??.??"]

1. d4 d5 2. Nf3 e6 3. Bf4 Nf6 4. e3 Be7 5. Bd3 c5 6. c3 Nc6 7. Nbd2 O-O 8. h4
h6 9. Ne5 cxd4 10. exd4 Nxe5 11. dxe5 Nh7 12. Nf3 Bd7 13. Qd2 Qb6 14. Bxh6 Bb5
15. Bc2 Bc5 16. Be3 Bxe3 17. fxe3 f5 18. Qd4 Qxd4 19. exd4 g6 20. Kd2 Kg7 21.
Ke3 Kh6 22. Rag1 a5 23. g4 a4 24. a3 Be8 25. Ne1 b6 26. Nd3 Ra7 27. Nf4 Bf7 28.
g5+ Kg7 29. h5 Re8 30. hxg6 Bxg6 31. Rh6 Nf8 32. Rgh1 Raa8 33. Bd1 b5 34. Bh5
Bf7 35. Bxf7 Kxf7 36. Rf6+ Ke7 37. g6 Nxg6 38. Rxg6 Rh8 39. Rg7+ 1-0

[Event "Top Loire 2014-2015"]
[Site "Loire"]
[Date "2014.11.08"]
[Round "2.6"]
[White "Andre, Gregory"]
[Black "Buisine, Roman"]
[Result "0-1"]
[WhiteElo "1846"]
[BlackElo "1685"]
[PlyCount "64"]
[EventDate "2014.??.??"]

1. Nf3 d5 2. c4 c6 3. b3 Nf6 4. Bb2 Bf5 5. e3 e6 6. Nc3 Bd6 7. cxd5 exd5 8. g3
O-O 9. Bg2 Bd3 10. Ne2 Nbd7 11. O-O Re8 12. Re1 c5 13. Nc1 Ba6 14. d3 b5 15.
Ne2 Rc8 16. Rc1 Qb6 17. Rc2 c4 18. Ng5 h6 19. Nxf7 Kxf7 20. dxc4 dxc4 21. Bd5+
Kf8 22. Bf3 Ne5 23. Nf4 Nxf3+ 24. Qxf3 Bb7 25. Qd1 Bxf4 26. exf4 Qc6 27. Ba3+
Kg8 28. f3 Rxe1+ 29. Qxe1 Qxf3 30. Qe6+ Kh8 31. Re2 Re8 32. Be7 Ng4 0-1

[Event "Top Loire 2014-2015"]
[Site "Loire"]
[Date "2014.11.08"]
[Round "2.7"]
[White "Bacyk, Bruno"]
[Black "Frey, Thierry"]
[Result "1-0"]
[WhiteElo "1684"]
[BlackElo "1842"]
[PlyCount "65"]
[EventDate "2014.??.??"]

1. e4 d6 2. d4 Nf6 3. Nc3 g6 4. g3 Bg7 5. Bg2 O-O 6. Nge2 c6 7. h3 Nbd7 8. O-O
Qc7 9. Be3 e5 10. Qd2 Nb6 11. b3 Re8 12. Rad1 Be6 13. f4 exd4 14. Bxd4 d5 15.
Bxf6 Bxf6 16. e5 Be7 17. g4 Bc5+ 18. Kh1 Bd7 19. Nd4 Nc8 20. Rde1 Qb6 21. Na4
Qb4 22. c3 Qa5 23. Nxc5 Qxc5 24. f5 Rf8 25. e6 fxe6 26. fxe6 Be8 27. Rxf8+ Qxf8
28. Rf1 Qg7 29. Qf4 Ne7 30. Qc7 Nf5 31. Qxg7+ Nxg7 32. b4 Rd8 33. e7 1-0

[Event "Top Loire 2014-2015"]
[Site "Loire"]
[Date "2014.11.08"]
[Round "2.8"]
[White "Carteron, Olivier"]
[Black "Philip, Sylvain"]
[Result "1-0"]
[WhiteElo "1640"]
[BlackElo "1830"]
[PlyCount "127"]
[EventDate "2014.??.??"]

1. d4 Nf6 2. Nf3 c5 3. c3 b6 4. Bg5 g6 5. dxc5 bxc5 6. Bxf6 exf6 7. Qd5 Nc6 8.
Na3 Rb8 9. Nc4 Qc7 10. O-O-O Bh6+ 11. e3 O-O 12. Qxc5 d5 13. Nd6 Be6 14. Nd4
Qb6 15. Qxb6 Rxb6 16. Nxc6 Rxc6 17. Nb5 Rc5 18. Nd4 Bd7 19. Nb3 Rc7 20. Rxd5
Be6 21. Rc5 Rxc5 22. Nxc5 Bxa2 23. Nd7 Rd8 24. Nxf6+ Kg7 25. Ng4 Bb3 26. Be2
Bg5 27. h4 Be7 28. g3 f5 29. Ne5 Bf6 30. Nc6 Rd5 31. Nd4 Ba4 32. Kd2 a5 33. Ra1
Bd7 34. Bc4 Re5 35. f4 Rc5 36. Ne6+ Bxe6 37. Bxe6 Kh6 38. Kc2 Kh5 39. Bg8 h6
40. Rd1 g5 41. Rd6 Bg7 42. hxg5 hxg5 43. Bf7+ Kg4 44. Rg6 Bf8 45. Rxg5+ Kf3 46.
Bg6 Kxe3 47. Rxf5 Rxf5 48. Bxf5 Kf3 49. g4 Kxf4 50. Kb3 Be7 51. Ka4 Bd8 52. b4
axb4 53. cxb4 Ke5 54. Kb5 Kd6 55. Ka6 Kc7 56. Ka7 Kc6 57. Bd3 Bb6+ 58. Ka6 Kc7
59. g5 Bd4 60. g6 Kd7 61. Kb5 Bc3 62. Kc4 Ba1 63. Kd5 Kc8 64. Ke6 1-0

[Event "Top Loire 2014-2015"]
[Site "Loire"]
[Date "2014.12.06"]
[Round "3.1"]
[White "Cursoux, Gerard"]
[Black "Muller, Anthony"]
[Result "1/2-1/2"]
[WhiteElo "1667"]
[BlackElo "2136"]
[PlyCount "83"]
[EventDate "2014.??.??"]

1. e4 e6 2. d3 d5 3. Nd2 Nf6 4. Ngf3 c5 5. g3 Nc6 6. Bg2 Be7 7. O-O O-O 8. Re1
b5 9. b3 a5 10. a4 bxa4 11. Rxa4 Nb4 12. Bb2 d4 13. Nc4 Bd7 14. Ra1 a4 15. c3
dxc3 16. Bxc3 axb3 17. Bxb4 Rxa1 18. Qxa1 cxb4 19. Qb2 Ba4 20. Bf1 Qc7 21. h3
Nd7 22. Nfd2 Rc8 23. d4 Nb6 24. Nxb6 Qxb6 25. Bc4 e5 26. Bxb3 Bxb3 27. Nxb3 Rc3
28. Rd1 exd4 29. Nxd4 Bf6 30. Qd2 Rc4 31. Nf5 Rxe4 32. Qd5 Qe6 33. Qb5 g6 34.
Nd6 Re1+ 35. Rxe1 Qxe1+ 36. Kg2 Bd8 37. Qb8 Qe7 38. Nb7 Qe4+ 39. Kg1 Qe1+ 40.
Kg2 Qe4+ 41. Kg1 Qe1+ 42. Kg2 1/2-1/2

[Event "Top Loire 2014-2015"]
[Site "Loire"]
[Date "2014.12.06"]
[Round "3.2"]
[White "Aumont-Mathieu, Georges"]
[Black "Pareux, Marc"]
[Result "1-0"]
[WhiteElo "1654"]
[BlackElo "1610"]
[PlyCount "63"]
[EventDate "2014.??.??"]

1. e4 g6 2. d4 Bg7 3. Nc3 c6 4. Be3 d5 5. f3 h5 6. Bd3 dxe4 7. Bxe4 Nf6 8. Bd3
Be6 9. Qd2 Na6 10. a3 Nc7 11. Nge2 Nfd5 12. Bg5 h4 13. Nxd5 cxd5 14. O-O Qd7
15. Qb4 Rb8 16. Rfe1 Rh5 17. Bf4 g5 18. Bb5 Nxb5 19. Bxb8 a6 20. a4 Nd6 21.
Bxd6 exd6 22. Ra3 Ke7 23. Rb3 f5 24. Qxb7 Rh8 25. Qxa6 Kf6 26. Rb7 Qd8 27. Qa7
Rg8 28. Nc3 f4 29. Rxg7 Rxg7 30. Rxe6+ Kxe6 31. Qxg7 h3 32. Qg6+ 1-0

[Event "Top Loire 2014-2015"]
[Site "Loire"]
[Date "2014.12.06"]
[Round "3.3"]
[White "Deville, Olivier"]
[Black "Tchalimian, Pascal"]
[Result "1/2-1/2"]
[WhiteElo "1912"]
[BlackElo "1927"]
[PlyCount "94"]
[EventDate "2014.??.??"]

1. c4 Nf6 2. Nf3 Nc6 3. d4 d5 4. Bf4 Bg4 5. e3 e6 6. Nc3 Bb4 7. Rc1 O-O 8. Qb3
Bxf3 9. gxf3 Nh5 10. Bg3 a5 11. a3 a4 12. Qc2 Ba5 13. Bd3 g6 14. O-O Bxc3 15.
Qxc3 Nxg3 16. hxg3 Ne7 17. Kg2 c6 18. Rh1 Qa5 19. Qc2 Kg7 20. Qe2 Rh8 21. c5
Nf5 22. g4 Ne7 23. f4 h6 24. Rcd1 Qc7 25. Rh3 Rab8 26. Qf3 f6 27. Bc2 b6 28.
cxb6 Rxb6 29. Rb1 Qb7 30. g5 f5 31. gxh6+ Kh7 32. Qg3 Rf8 33. Qg5 Rf7 34. Bxa4
Rxb2 35. Rxb2 Qxb2 36. Rg3 Qc1 37. Kh2 Qxa3 38. Bxc6 Rf8 39. Bd7 Qd6 40. Ba4
Qd8 41. Bd1 Qe8 42. Rg1 Qf7 43. Ba4 Ng8 44. Kg2 Nf6 45. Rb1 Ne4 46. Qh4 Nc3 47.
Rb4 Nxa4 1/2-1/2

[Event "Top Loire 2014-2015"]
[Site "Loire"]
[Date "2014.12.06"]
[Round "3.4"]
[White "Buisine, Roman"]
[Black "Garon, Pierre"]
[Result "1-0"]
[WhiteElo "1685"]
[BlackElo "1903"]
[PlyCount "57"]
[EventDate "2014.??.??"]

1. e4 Nf6 2. Nc3 d5 3. e5 Ne4 4. d4 Nxc3 5. bxc3 Bf5 6. Nf3 e6 7. Rb1 b6 8. Bd3
Bxd3 9. Qxd3 Be7 10. O-O Nc6 11. Be3 Qd7 12. Nd2 O-O 13. f4 f5 14. h3 Rad8 15.
g4 g6 16. g5 Na5 17. Kg2 Qa4 18. h4 Rc8 19. h5 Kg7 20. Rh1 Nc4 21. Bf2 Nxd2 22.
Qxd2 c5 23. Rh4 cxd4 24. Rbh1 dxc3 25. Qd3 Rh8 26. Qh3 Qe8 27. hxg6 hxg6 28.
Rh7+ Rxh7 29. Qxh7+ 1-0

[Event "Top Loire 2014-2015"]
[Site "Loire"]
[Date "2014.12.06"]
[Round "3.5"]
[White "Samuel, Christian"]
[Black "Bacyk, Bruno"]
[Result "1-0"]
[WhiteElo "1861"]
[BlackElo "1684"]
[PlyCount "57"]
[EventDate "2014.??.??"]

1. d4 Nf6 2. Nf3 e6 3. c4 d5 4. g3 dxc4 5. Nc3 Nc6 6. Bg2 Bb4 7. O-O O-O 8. Bf4
Bxc3 9. bxc3 Nd5 10. Bd2 Qe7 11. e4 Nb6 12. e5 Qa3 13. Qc2 Nd5 14. Rfe1 b5 15.
Ng5 f5 16. exf6 Nxf6 17. Bxc6 Rb8 18. Bf4 h6 19. Nxe6 Bxe6 20. Rxe6 b4 21. cxb4
Rxb4 22. Bd2 Ng4 23. Bxb4 Qxb4 24. Bd5 Kh8 25. Rf1 c3 26. Bb3 Qxd4 27. Re4 Rxf2
28. Rxd4 Rxc2 29. Rf8+ 1-0

[Event "Top Loire 2014-2015"]
[Site "Loire"]
[Date "2014.12.06"]
[Round "3.6"]
[White "Carteron, Olivier"]
[Black "Doran, Niall"]
[Result "1-0"]
[WhiteElo "1640"]
[BlackElo "1702"]
[PlyCount "99"]
[EventDate "2014.??.??"]

1. d4 d5 2. Nf3 e6 3. c4 Nf6 4. Nc3 Be7 5. Bg5 h6 6. Bh4 Ne4 7. Bxe7 Qxe7 8. e3
O-O 9. Bd3 Nxc3 10. bxc3 dxc4 11. Bxc4 b6 12. Qe2 Bb7 13. O-O Nd7 14. e4 Nf6
15. Bd3 Rfd8 16. e5 Nh7 17. Nd2 c5 18. Qe3 cxd4 19. cxd4 Qd7 20. Nb3 Rac8 21.
Rfc1 Qd5 22. f3 Ng5 23. h4 Nh7 24. Be4 Qd7 25. Bxb7 Qxb7 26. Rxc8 Rxc8 27. Rc1
Nf8 28. Rxc8 Qxc8 29. Qc1 Qxc1+ 30. Nxc1 Ng6 31. g3 Ne7 32. g4 Nd5 33. Kf2 Kf8
34. Ke2 Ke7 35. Kd3 Kd7 36. a3 Kc6 37. Ne2 Kb5 38. Nc3+ Nxc3 39. Kxc3 Ka4 40.
Kb2 b5 41. f4 b4 42. axb4 Kxb4 43. d5 exd5 44. f5 Kc5 45. g5 d4 46. f6 gxf6 47.
gxh6 fxe5 48. h7 e4 49. h8=Q d3 50. Qe5+ 1-0

[Event "Top Loire 2014-2015"]
[Site "Loire"]
[Date "2014.11.29"]
[Round "3.7"]
[White "Vial-Bonacci, Eric"]
[Black "Andre, Gregory"]
[Result "1/2-1/2"]
[WhiteElo "2020"]
[BlackElo "1846"]
[PlyCount "94"]
[EventDate "2014.??.??"]

1. d4 Nf6 2. Nf3 b6 3. c4 e6 4. Nc3 d5 5. Bf4 c6 6. cxd5 exd5 7. e3 Bb7 8. Bd3
Bb4 9. O-O O-O 10. Ne5 Nbd7 11. Bg5 Qc7 12. Nxd7 Nxd7 13. Rc1 Qd6 14. Qh5 f5
15. Ne2 Qg6 16. Qxg6 hxg6 17. Nf4 Kf7 18. Be2 Rac8 19. g4 Nf6 20. Bxf6 Kxf6 21.
g5+ Kf7 22. Nd3 Bd6 23. f4 Rh8 24. Kg2 Rh7 25. h3 Rch8 26. Rh1 Re8 27. Kf2 Re6
28. h4 Ke7 29. h5 gxh5 30. Rxh5 Rxh5 31. Bxh5 g6 32. Be2 Kf8 33. b4 Re7 34. Rh1
Kg7 35. a3 Re8 36. Rc1 Rc8 37. Bf3 Rh8 38. Rh1 Rxh1 39. Bxh1 a5 40. bxa5 bxa5
41. Nc5 Bc8 42. Ke2 Bxc5 43. dxc5 Kf7 44. Kd2 Ba6 45. Kc3 Ke6 46. Bf3 Bb5 47.
Bd1 Ba6 1/2-1/2

[Event "Top Loire 2014-2015"]
[Site "Loire"]
[Date "2014.12.06"]
[Round "3.8"]
[White "Frey, Thierry"]
[Black "Philip, Sylvain"]
[Result "1/2-1/2"]
[WhiteElo "1842"]
[BlackElo "1830"]
[PlyCount "105"]
[EventDate "2014.??.??"]

1. Nf3 Nf6 2. g3 g6 3. Bg2 Bg7 4. O-O O-O 5. d3 d6 6. Nbd2 c5 7. c3 Nc6 8. e4
Rb8 9. Re1 Qc7 10. Qc2 b5 11. d4 cxd4 12. cxd4 Qb6 13. Nb3 Bb7 14. Be3 Ng4 15.
Qd2 Nxe3 16. Qxe3 a5 17. e5 a4 18. Nbd2 Nb4 19. Qc3 Nd5 20. Qd3 dxe5 21. dxe5
e6 22. a3 Rfd8 23. Qe2 Rbc8 24. Rac1 Bh6 25. Rxc8 Rxc8 26. Ne4 Bf8 27. Nd6 Bxd6
28. exd6 Rd8 29. Bf1 Rxd6 30. Qxb5 Qxb5 31. Bxb5 Rb6 32. Nd4 Nc7 33. Bxa4 Rxb2
34. Ra1 Nd5 35. Bc6 Ba6 36. a4 Nb4 37. Bb5 Bb7 38. Bf1 Kf8 39. a5 Ba6 40. Bxa6
Nxa6 41. h4 e5 42. Nc6 e4 43. g4 Rc2 44. Nd4 Rc4 45. Rd1 Ra4 46. Nc6 e3 47. f3
h5 48. gxh5 gxh5 49. Re1 Rxh4 50. Rxe3 Ra4 51. Kg2 Nc5 52. Re5 Ne6 53. Re4
1/2-1/2

[Event "Top Loire 2014-2015"]
[Site "Loire"]
[Date "2015.01.24"]
[Round "4.1"]
[White "Muller, Anthony"]
[Black "Aumont-Mathieu, Georges"]
[Result "1-0"]
[WhiteElo "2142"]
[BlackElo "1654"]
[PlyCount "87"]
[EventDate "2015.??.??"]

1. d4 Nf6 2. c4 e6 3. g3 c5 4. Nf3 cxd4 5. Nxd4 Bb4+ 6. Bd2 Qb6 7. e3 Nc6 8.
Bg2 d5 9. O-O Nxd4 10. exd4 Bxd2 11. Qxd2 dxc4 12. Na3 O-O 13. Nxc4 Qb5 14. Ne5
Nd5 15. a4 Qb4 16. Qxb4 Nxb4 17. a5 Na6 18. Rfc1 Rb8 19. Nd3 Rd8 20. Nc5 Nb4
21. Rc4 Nd5 22. Bxd5 exd5 23. Rb4 b6 24. axb6 Rxb6 25. Rxb6 axb6 26. Na4 Rd6
27. Rc1 Bd7 28. Kg2 Kf8 29. Nc3 f6 30. Ra1 Ke7 31. Ra7 Kd8 32. h4 h6 33. h5 Kc8
34. Ra8+ Kc7 35. Rg8 Kc6 36. Rxg7 Be8 37. b4 b5 38. g4 f5 39. f3 Rf6 40. Ra7
Rd6 41. Ra6+ Kc7 42. Rxd6 Kxd6 43. Kg3 Bc6 44. g5 1-0

[Event "Top Loire 2014-2015"]
[Site "Loire"]
[Date "2015.01.17"]
[Round "4.2"]
[White "Deville, Olivier"]
[Black "Cursoux, Gerard"]
[Result "1-0"]
[WhiteElo "1903"]
[BlackElo "1667"]
[PlyCount "81"]
[EventDate "2015.??.??"]

1. c4 b6 2. Nf3 Bb7 3. d4 e6 4. a3 f5 5. Nc3 Nf6 6. d5 exd5 7. cxd5 a6 8. g3 g6
9. Bg2 Bg7 10. O-O O-O 11. Bf4 d6 12. Nd4 Qe7 13. Ne6 Rc8 14. Nxg7 Kxg7 15. Qd4
Nbd7 16. e4 Kg8 17. exf5 gxf5 18. Rae1 Qf7 19. Re6 Rf8 20. Rfe1 Qh5 21. Re7
Rae8 22. Qc4 Rxe7 23. Rxe7 Re8 24. Re6 Rc8 25. h4 b5 26. Qd4 Rf8 27. Bg5 Qf7
28. b4 Qg7 29. Qa7 Ne8 30. Bh6 Qxc3 31. Bxf8 Kxf8 32. Qxb7 Qc1+ 33. Kh2 Nef6
34. Bh3 Qc2 35. Qc8+ Kf7 36. Kg2 f4 37. gxf4 Qc4 38. Re3 Qxd5+ 39. Kh2 Qh5 40.
Bxd7 Qxh4+ 41. Kg2 1-0

[Event "Top Loire 2014-2015"]
[Site "Loire"]
[Date "2015.01.17"]
[Round "4.3"]
[White "Buisine, Roman"]
[Black "Samuel, Christian"]
[Result "1-0"]
[WhiteElo "1685"]
[BlackElo "1884"]
[PlyCount "55"]
[EventDate "2015.??.??"]

1. e4 c5 2. Nf3 a6 3. d4 cxd4 4. Nxd4 e5 5. Nb3 Nf6 6. Nc3 Be7 7. Be2 d6 8. O-O
Nc6 9. Be3 Bd7 10. f3 O-O 11. Nd5 Nxd5 12. exd5 Na5 13. Qd2 Nxb3 14. axb3 f5
15. c4 f4 16. Bf2 Bh4 17. Bd3 Bxf2+ 18. Qxf2 b6 19. b4 Qc7 20. Rfc1 Rfc8 21. c5
bxc5 22. Bxa6 Qa7 23. Bxc8 Qxa1 24. Qc2 Bb5 25. bxc5 Ra2 26. cxd6 g6 27. d7
Bxd7 28. Rxa1 1-0

[Event "Top Loire 2014-2015"]
[Site "Loire"]
[Date "2015.01.17"]
[Round "4.4"]
[White "Pareux, Marc"]
[Black "Carteron, Olivier"]
[Result "1-0"]
[WhiteElo "1610"]
[BlackElo "1670"]
[PlyCount "70"]
[EventDate "2015.??.??"]

1. d4 d5 2. g3 Bf5 3. Nf3 h6 4. Bg2 c6 5. O-O Nf6 6. c4 e6 7. Nbd2 Bd6 8. c5
Bc7 9. b4 b6 10. Nb3 O-O 11. a4 bxc5 12. Nxc5 Nfd7 13. Nd3 Nb6 14. Nfe5 f6 15.
Nf3 Bd6 16. Nh4 Bxd3 17. Qxd3 f5 18. b5 cxb5 19. axb5 Nc4 20. Ng6 Rf6 21. Nf4
Bxf4 22. Bxf4 Nd7 23. Rfb1 Ndb6 24. f3 g5 25. Be5 Nxe5 26. dxe5 Rf7 27. Ra6 Nc4
28. Rxe6 Qc7 29. f4 Qb6+ 30. Kh1 Qf2 31. Qxd5 Rc8 32. Rc6 Rxc6 33. bxc6 Qxe2
34. c7 Qc2 35. c8=Q+ Kg7 1-0

[Event "Top Loire 2014-2015"]
[Site "Loire"]
[Date "2015.01.17"]
[Round "4.5"]
[White "Tchalimian, Pascal"]
[Black "Vial-Bonacci, Eric"]
[Result "1/2-1/2"]
[WhiteElo "1913"]
[BlackElo "1970"]
[PlyCount "74"]
[EventDate "2015.??.??"]

1. b3 Nf6 2. Bb2 g6 3. Nf3 Bg7 4. c4 c5 5. e3 O-O 6. Be2 Nc6 7. O-O d6 8. d3
Qc7 9. Nbd2 Re8 10. Qb1 Nd7 11. Bxg7 Kxg7 12. Rd1 Nde5 13. d4 Nxf3+ 14. Nxf3
cxd4 15. Nxd4 Nxd4 16. Rxd4 Bd7 17. Qb2 Kg8 18. Rad1 Rad8 19. h4 f6 20. Bf3 Bc6
21. Qe2 Qa5 22. Bd5+ Bxd5 23. Rxd5 Qc7 24. Qd2 b6 25. e4 Kg7 26. Qb4 Qc8 27.
R1d3 Qg4 28. Qe1 Qxh4 29. Rh3 Qf4 30. g3 Qf3 31. Qd2 Qxe4 32. Qh6+ Kf7 33.
Qxh7+ Ke6 34. Rh6 Qe1+ 35. Kg2 Qe4+ 36. Kf1 Qb1+ 37. Kg2 Qe4+ 1/2-1/2